Fundamentals of environmental economics/ (Record no. 7725)

MARC details
000 -LEADER
fixed length control field 00542 a2200169 4500
010 ## - LCCN (DPL NO)
LC control number ENG-88170
020 ## - INTERNATIONAL STANDARD BOOK NUMBER
Terms of availability 595.00
International Standard Book Number 9788189937027
035 ## - SYSTEM CONTROL NUMBER
System control number EN-71703
037 ## - SOURCE OF ACQUISITION
Source of stock number/acquisition DBAD / PUB
082 14 - DEWEY DECIMAL CLASSIFICATION NUMBER
Classification number 333.7
100 ## - MAIN ENTRY--PERSONAL NAME
Personal name Selviraj, V.
245 1# - TITLE STATEMENT
Title Fundamentals of environmental economics/
Statement of responsibility, etc by V. Selviraj
260 ## - PUBLICATION, DISTRIBUTION, ETC. (IMPRINT)
Place of publication, distribution, etc New Delhi
Name of publisher, distributor, etc Arise Publishers & Distributors
Date of publication, distribution, etc 2008
270 ## - ADDRESS
Address 4648/1, 21, Ansari Road, Darya Ganj,
City New Delhi
Postal code 110 002
300 ## - PHYSICAL DESCRIPTION
Extent v, 224p.
Dimensions 21cm (Hb)
942 ## - ADDED ENTRY ELEMENTS (KOHA)
Institution code [OBSOLETE] dpl
Item type English Books
Call number prefix 333.7 / SEL
Source of classification or shelving scheme Dewey Decimal Classification
Classification part 333.7
Call number suffix SEL
Holdings
Withdrawn status Lost status Not for loan Collection code Home library Current library Source of acquisition Cost, normal purchase price Full call number Barcode Copy number Cost, replacement price Koha item type
    Not For Loan Non-fiction D.B.Act.Division D.B.Act.Division DBAD/PUB 595.00 333.7 SEL EN-71703 1 595.00 English Books

© Delhi Public Library
Hit Counter
free hit counter